logo

Bir Sreshtho Munshi Abdur Rouf Library
Jhenaidah Cadet College

একজন সৈনিকর চোখে মুক্তিযুদ্ধঃ (Record no. 144)

MARC details
000 -LEADER
fixed length control field 00826nam a22002177a 4500
001 - CONTROL NUMBER
JCCL Control Number 144
003 - CONTROL NUMBER IDENTIFIER
JCCL marc code BD-JhCC
005 - DATE AND TIME OF LATEST TRANSACTION
control field 20171001142432.0
008 - FIXED-LENGTH DATA ELEMENTS--GENERAL INFORMATION
fixed length control field 170930b2006 bg ||||| |||| 00| 0 ben d
035 ## - SYSTEM CONTROL NUMBER
system control number (BD-JhCC)144
040 ## - CATALOGING SOURCE
Original cataloging agency BD-JhCC
Modifying agency BD-JhCC
041 ## - LANGUAGE CODE
Language code of Book ben
082 ## - DEWEY DECIMAL CLASSIFICATION NUMBER
Classification number 954.9205
Author mark and Year MOT 2006
100 ## - MAIN ENTRY--PERSONAL NAME
Personal name রহমান, মো. মতিউর
245 ## - TITLE STATEMENT
Title একজন সৈনিকর চোখে মুক্তিযুদ্ধঃ
Remainder of title শহীদ জিয়ার স্বাধীনতা ঘোষনা এবং বিদ্রোহ ঘোষনা পর্ব /
Statement of responsibility, etc মো. মতিউর রহমান
260 ## - PUBLICATION, DISTRIBUTION, ETC. (IMPRINT)
Place of publication, distribution, etc ঢাকা :
Name of publisher, distributor, etc সূচীপএ,
Date of publication, distribution, etc ২০০৬.
300 ## - PHYSICAL DESCRIPTION
Pagination 103 p. ;
Dimensions 21 cm.
651 ## - SUBJECT ADDED ENTRY--GEOGRAPHIC NAME
Geographic name Bangladesh
General subdivision Histry of liberation 1971
942 ## - ADDED ENTRY ELEMENTS (KOHA)
Source of classification or shelving scheme Dewey Decimal Classification
Koha item type Books
Holdings
Source of classification or shelving scheme Damaged status Not for loan Home library Current library Shelving location Date of accession Cost, normal purchase price Total Checkouts Full call number Barcode Date last seen Copy number Koha item type
Dewey Decimal Classification     JCC Rouf Library JCC Rouf Library General Stacks 09/30/2017 150.00   954.9205 RAH 2006 182 09/30/2017 C-1 Books

JCC Library | Contacts | JCC Home

Last Update on 23 September 2017
Copyright @ 2017-2020 JCC Rouf Library
Rouf Library, Jhenidah Cadet College (JCC), Bangladesh